MGO Pompier - Statistiques

Statistiques générales
  • Ce quiz a été pris 75 fois
  • Le résultat moyen est 4 sur 11
Statistiques - réponses
Lettres Répondre % Correct
R Reconnaissance
91%
S Sauvetage
75%
E établissement
53%
P Protection
49%
D Déblais
26%
S Surveillance
26%
P Préservation des traces et indices
19%
R Relogement
8%
V Ventilation opérationnelle
8%
A Action contre le feu
6%
R Réhabilitation
6%
Aucun quiz correspondant
Distribution des résultats
% des personnes avec chaque résultat
Percentile par nombre de réponses
Votre historique - résultats
Vous n’avez pas pris ce quiz